Di sản thế giới : ( Văn hóa - Tự nhiên - Hỗn hợp )
में बचाया:
| स्वरूप: | पुस्तक |
|---|---|
| भाषा: | Undetermined |
| प्रकाशित: |
Thành phố Hồ Chí Minh
Trẻ
2004
|
| विषय: | |
| टैग : |
टैग जोड़ें
कोई टैग नहीं, इस रिकॉर्ड को टैग करने वाले पहले व्यक्ति बनें!
|
| Thư viện lưu trữ: | Trung tâm Học liệu Trường Đại học Cần Thơ |
|---|
| LEADER | 00617nam a2200217Ia 4500 | ||
|---|---|---|---|
| 001 | CTU_64166 | ||
| 008 | 210402s9999 xx 000 0 und d | ||
| 020 | |b 27000 | ||
| 020 | |c 27000 | ||
| 082 | |a 910 | ||
| 082 | |b D300/T.2 | ||
| 245 | 0 | |a Di sản thế giới : | |
| 245 | 0 | |b ( Văn hóa - Tự nhiên - Hỗn hợp ) | |
| 245 | 0 | |c Bùi Đẹp ( biên soạn ) | |
| 260 | |a Thành phố Hồ Chí Minh | ||
| 260 | |b Trẻ | ||
| 260 | |c 2004 | ||
| 650 | |a Monuments,Architecture | ||
| 650 | |x Aesthetics | ||
| 904 | |i Minh,Qhieu | ||
| 980 | |a Trung tâm Học liệu Trường Đại học Cần Thơ | ||